[Event "European Chess Club Cup 2023"]
[Site "Durres, Albania"]
[Date "2023.10.01"]
[Round "1.32"]
[White "Vallejo Pons, Francisco"]
[Black "Tisdall, Jonathan D"]
[Result "1-0"]
[TimeControl "90' + 30' & 30\""]
[WhiteElo "2680"]
[BlackElo "2381"]

1. e4 {[%clk 01:30:30]} c5 {[%clk 01:30:19]} {[%emt 01:08:09]} 2. Nf3 {[%clk
01:31:14]} e6 {[%clk 01:29:26]} {[%emt 00:01:34]} 3. d4 {[%clk 01:30:31]} cxd4
{[%clk 01:29:50]} {[%emt 00:01:20]} 4. Nxd4 {[%clk 01:30:57]} a6 {[%clk
01:30:07]} {[%emt 00:00:15]} 5. Bd3 {[%clk 01:29:03]} g6 {[%clk 01:26:16]}
{[%emt 00:06:46]} 6. O-O {[%clk 01:23:45]} Bg7 {[%clk 01:26:35]} {[%emt
00:05:59]} 7. c3 {[%clk 01:23:23]} Nc6 {[%clk 01:21:17]} {[%emt 00:06:41]} 8.
Nxc6 {[%clk 01:13:45]} bxc6 {[%clk 01:19:47]} {[%emt 00:12:07]} 9. f4 {[%clk
01:12:20]} d5 {[%clk 01:15:49]} {[%emt 00:06:23]} 10. Be3 {[%clk 01:05:47]} Nf6
{[%clk 01:13:22]} {[%emt 00:10:00]} 11. e5 {[%clk 01:01:40]} Nd7 {[%clk
01:13:44]} {[%emt 00:04:44]} 12. Nd2 {[%clk 00:58:58]} a5 {[%clk 01:07:48]}
{[%emt 00:09:39]} 13. Qe2 {[%clk 00:56:12]} c5 {[%clk 00:58:43]} {[%emt
00:12:51]} 14. Bb5 {[%clk 00:50:00]} O-O {[%clk 00:57:47]} {[%emt 00:08:06]} 15.
Nb3 {[%clk 00:40:46]} c4 {[%clk 00:55:54]} {[%emt 00:12:09]} 16. Nd4 {[%clk
00:38:41]} Qc7 {[%clk 00:54:50]} {[%emt 00:04:09]} 17. Bxd7 {[%clk 00:36:19]}
Bxd7 {[%clk 00:53:50]} {[%emt 00:04:23]} 18. Rf2 {[%clk 00:30:50]} f6 {[%clk
00:44:36]} {[%emt 00:15:42]} 19. exf6 {[%clk 00:30:13]} Rxf6 {[%clk 00:44:25]}
{[%emt 00:01:48]} 20. Nf3 {[%clk 00:27:01]} Rxf4 {[%clk 00:44:08]} {[%emt
00:04:29]} 21. Bxf4 {[%clk 00:26:50]} Qxf4 {[%clk 00:44:36]} {[%emt 00:00:44]}
22. Re1 {[%clk 00:25:05]} Qd6 {[%clk 00:40:15]} {[%emt 00:07:05]} 23. Ne5
{[%clk 00:23:38]} Re8 {[%clk 00:40:15]} 24. Qe3 {[%clk 00:23:38]} Re7 {[%clk
00:40:15]} 25. g4 {[%clk 00:23:38]} Ba4 {[%clk 00:40:15]} 26. g5 {[%clk
00:23:38]} Bd7 {[%clk 00:31:45]} {[%emt 00:13:22]} 27. Qf4 {[%clk 00:21:18]}
Qb6 {[%clk 00:31:45]} 28. Nxd7 {[%clk 00:21:18]} 1-0

[Event "European Chess Club Cup 2023"]
[Site "Durres, Albania"]
[Date "2023.10.01"]
[Round "1.33"]
[White "Strand, Vetle Bjorge"]
[Black "Bluebaum, Matthias"]
[Result "0-1"]
[TimeControl "90' + 30' & 30\""]
[WhiteElo "2094"]
[BlackElo "2668"]

1. e4 {[%clk 01:30:58]} {[%emt 00:00:02]} c6 {[%clk 01:30:41]} {[%emt
00:00:20]} 2. d4 {[%clk 01:31:07]} {[%emt 00:00:22]} d5 {[%emt 00:00:59]} 3.
exd5 {[%clk 01:30:46]} cxd5 {[%clk 01:31:26]} {[%emt 00:00:07]} 4. Bd3 {[%clk
01:31:12]} {[%emt 00:00:03]} Nf6 {[%clk 01:30:40]} {[%emt 00:01:17]} 5. c3
{[%clk 01:30:31]} {[%emt 00:01:09]} Bg4 {[%clk 01:31:04]} {[%emt 00:00:06]} 6.
Qb3 {[%clk 01:28:01]} {[%emt 00:03:00]} Qc7 {[%clk 01:30:22]} {[%emt 00:01:12]}
7. h3 {[%clk 01:24:10]} {[%emt 00:04:22]} Bh5 {[%clk 01:28:52]} {[%emt
00:01:59]} 8. Ne2 {[%clk 01:12:06]} {[%emt 00:12:34]} Bxe2 {[%clk 01:28:03]}
{[%emt 00:01:20]} 9. Bxe2 {[%clk 01:12:34]} {[%emt 00:00:02]} e6 {[%clk
01:26:55]} {[%emt 00:01:38]} 10. O-O {[%clk 01:10:03]} {[%emt 00:02:59]} Bd6
{[%clk 01:26:15]} {[%emt 00:01:11]} 11. Na3 {[%clk 01:07:16]} {[%emt 00:03:18]}
a6 {[%clk 01:22:54]} {[%emt 00:03:51]} 12. c4 {[%clk 00:58:46]} {[%emt
00:09:00]} Nc6 {[%clk 01:07:29]} {[%emt 00:15:55]} 13. c5 {[%clk 00:50:08]}
{[%emt 00:09:08]} Be7 {[%clk 01:05:34]} {[%emt 00:02:24]} 14. Nc2 {[%clk
00:45:33]} {[%emt 00:05:05]} O-O {[%clk 01:05:51]} {[%emt 00:00:14]} 15. Bf3
{[%clk 00:40:47]} {[%emt 00:05:16]} a5 {[%clk 01:01:38]} {[%emt 00:04:43]} 16.
Qc3 {[%clk 00:35:15]} {[%emt 00:06:02]} b6 {[%clk 01:01:17]} {[%emt 00:00:50]}
17. cxb6 {[%clk 00:31:26]} {[%emt 00:04:20]} Qxb6 {[%clk 00:59:34]} {[%emt
00:02:13]} 18. Bf4 {[%clk 00:28:31]} {[%emt 00:03:24]} Rfc8 {[%clk 00:59:17]}
{[%emt 00:00:48]} 19. Qd3 {[%clk 00:27:24]} {[%emt 00:01:37]} Ne8 {[%clk
00:56:46]} {[%emt 00:03:01]} 20. Rab1 {[%clk 00:24:26]} {[%emt 00:03:27]} Bf6
{[%clk 00:53:15]} {[%emt 00:04:01]} 21. Rfd1 {[%clk 00:22:10]} {[%emt
00:02:47]} Nc7 {[%clk 00:53:14]} {[%emt 00:00:30]} 22. Be2 {[%clk 00:21:09]}
{[%emt 00:01:31]} Rab8 {[%clk 00:45:41]} {[%emt 00:08:04]} 23. g3 {[%clk
00:12:12]} {[%emt 00:09:26]} Rb7 {[%clk 00:45:40]} {[%emt 00:00:31]} 24. Kg2
{[%clk 00:11:21]} {[%emt 00:01:21]} Nb5 {[%clk 00:43:31]} {[%emt 00:02:39]} 25.
Qxb5 {[%clk 00:07:58]} {[%emt 00:03:53]} Qxb5 {[%clk 00:44:00]} {[%emt
00:00:02]} 26. Bxb5 {[%clk 00:08:27]} {[%emt 00:00:01]} Rxb5 {[%clk 00:44:22]}
{[%emt 00:00:08]} 27. Bd6 {[%clk 00:05:17]} {[%emt 00:03:40]} h6 {[%clk
00:42:17]} {[%emt 00:02:34]} 28. Rd2 {[%clk 00:04:05]} {[%emt 00:01:43]} Be7
{[%clk 00:40:29]} {[%emt 00:02:17]} 29. Bxe7 {[%clk 00:03:59]} {[%emt
00:00:36]} Nxe7 {[%clk 00:40:58]} {[%emt 00:00:01]} 30. Ne1 {[%clk 00:03:35]}
{[%emt 00:00:55]} Nf5 {[%clk 00:41:03]} {[%emt 00:00:24]} 31. Kf1 {[%clk
00:00:53]} {[%emt 00:03:12]} Nd6 {[%clk 00:40:39]} {[%emt 00:00:54]} 32. Rc2
{[%clk 00:01:00]} {[%emt 00:00:24]} Rc4 {[%clk 00:40:03]} {[%emt 00:01:06]} 33.
Rd2 {[%clk 00:00:37]} {[%emt 00:00:53]} Ne4 {[%clk 00:39:48]} {[%emt 00:00:45]}
34. Rd3 {[%clk 00:00:35]} {[%emt 00:00:32]} Nc3 {[%clk 00:37:44]} {[%emt
00:02:34]} 35. Rc1 {[%clk 00:00:39]} {[%emt 00:00:26]} Nxa2 {[%clk 00:38:08]}
{[%emt 00:00:06]} 36. Rxc4 {[%clk 00:01:00]} {[%emt 00:00:09]} dxc4 {[%clk
00:38:37]} 37. Ra3 {[%clk 00:01:05]} {[%emt 00:00:25]} Rxb2 {[%clk 00:38:25]}
{[%emt 00:00:41]} 38. Rxa5 {[%clk 00:01:31]} {[%emt 00:00:05]} Nc3 {[%clk
00:38:25]} {[%emt 00:00:30]} 39. Rc5 {[%clk 00:00:56]} {[%emt 00:01:05]} Ne4
{[%clk 00:38:37]} {[%emt 00:00:18]} 40. Rc8+ {[%clk 00:00:58]} {[%emt
00:00:28]} Kh7 {[%clk 00:39:05]} {[%emt 00:00:02]} 41. Kg1 {[%clk 00:28:24]}
{[%emt 00:03:04]} Nxf2 {[%clk 01:08:32]} {[%emt 00:01:03]} 42. Rxc4 {[%clk
00:27:35]} {[%emt 00:01:19]} Nxh3+ {[%clk 01:08:57]} {[%emt 00:00:04]} 43. Kh1
{[%clk 00:27:58]} {[%emt 00:00:07]} Nf2+ {[%clk 01:09:09]} {[%emt 00:00:19]} 44.
Kg1 {[%clk 00:28:20]} {[%emt 00:00:08]} Ne4 {[%clk 01:09:14]} {[%emt 00:00:24]}
0-1

[Event "European Chess Club Cup 2023"]
[Site "Durres, Albania"]
[Date "2023.10.01"]
[Round "1.34"]
[White "Cheparinov, Ivan"]
[Black "Diesen, Bruce"]
[Result "1-0"]
[TimeControl "90' + 30' & 30\""]
[WhiteElo "2658"]
[BlackElo "2122"]

1. e4 {[%clk 01:30:56]} {[%emt 00:00:03]} c5 {[%clk 01:30:56]} {[%emt
00:00:05]} 2. Nf3 {[%clk 01:31:21]} {[%emt 00:00:06]} d6 {[%clk 01:31:21]}
{[%emt 00:00:04]} 3. d4 {[%clk 01:31:41]} {[%emt 00:00:11]} cxd4 {[%clk
01:31:47]} {[%emt 00:00:04]} 4. Nxd4 {[%clk 01:32:07]} {[%emt 00:00:03]} Nf6
{[%clk 01:32:12]} {[%emt 00:00:07]} 5. Nc3 {[%clk 01:32:31]} {[%emt 00:00:04]}
a6 {[%clk 01:32:39]} {[%emt 00:00:04]} 6. Be3 {[%clk 01:32:40]} {[%emt
00:00:22]} e5 {[%clk 01:33:00]} {[%emt 00:00:07]} 7. Nb3 {[%clk 01:32:51]}
{[%emt 00:00:19]} Be6 {[%clk 01:33:21]} {[%emt 00:00:10]} 8. f3 {[%clk
01:32:41]} {[%emt 00:00:40]} Nbd7 {[%clk 01:33:40]} {[%emt 00:00:11]} 9. g4
{[%clk 01:32:45]} {[%emt 00:00:25]} b5 {[%clk 01:32:18]} {[%emt 00:01:53]} 10.
a4 {[%clk 01:32:57]} {[%emt 00:00:16]} b4 {[%clk 01:30:56]} {[%emt 00:01:52]}
11. Nd5 {[%clk 01:33:20]} {[%emt 00:00:06]} Bxd5 {[%clk 01:27:25]} {[%emt
00:04:01]} 12. exd5 {[%clk 01:33:43]} {[%emt 00:00:08]} Nb6 {[%clk 01:25:43]}
{[%emt 00:02:11]} 13. Bg1 {[%clk 01:34:05]} {[%emt 00:00:09]} h6 {[%clk
01:18:54]} {[%emt 00:07:20]} 14. f4 {[%clk 01:33:49]} {[%emt 00:00:46]} Be7
{[%clk 01:03:40]} {[%emt 00:15:44]} 15. a5 {[%clk 01:28:25]} {[%emt 00:05:54]}
Nbd7 {[%clk 00:58:48]} {[%emt 00:05:22]} 16. Qf3 {[%clk 01:25:06]} {[%emt
00:03:50]} Qc7 {[%clk 00:53:12]} {[%emt 00:06:05]} 17. O-O-O {[%clk 01:24:25]}
{[%emt 00:01:11]} exf4 {[%clk 00:45:35]} {[%emt 00:08:07]} 18. Qxf4 {[%clk
01:16:05]} {[%emt 00:08:50]} Rc8 {[%clk 00:37:24]} {[%emt 00:08:41]} 19. Rd2
{[%clk 01:12:41]} {[%emt 00:03:54]} Nxd5 {[%clk 00:34:23]} {[%emt 00:03:31]} 20.
Qe4 {[%clk 01:13:05]} {[%emt 00:00:06]} N7f6 {[%clk 00:32:59]} {[%emt
00:01:55]} 21. Qf3 {[%clk 01:12:59]} {[%emt 00:00:34]} Qc6 {[%clk 00:20:13]}
{[%emt 00:13:21]} 22. h4 {[%clk 01:10:18]} {[%emt 00:03:07]} g6 {[%clk
00:13:43]} {[%emt 00:06:59]} 23. g5 {[%clk 01:07:52]} {[%emt 00:02:57]} Nh5
{[%clk 00:13:35]} {[%emt 00:00:39]} 24. Qxd5 {[%clk 01:06:31]} {[%emt
00:01:56]} Qxd5 {[%clk 00:13:20]} {[%emt 00:00:38]} 25. Rxd5 {[%clk 01:06:54]}
{[%emt 00:00:07]} Ng3 {[%clk 00:13:24]} {[%emt 00:00:27]} 26. Bxa6 {[%clk
01:06:37]} {[%emt 00:00:46]} Nxh1 {[%clk 00:09:03]} {[%emt 00:04:52]} 27. Bxc8
{[%clk 01:07:01]} {[%emt 00:00:06]} O-O {[%clk 00:08:15]} {[%emt 00:01:17]} 28.
Bb7 {[%clk 01:04:47]} {[%emt 00:02:45]} hxg5 {[%clk 00:07:49]} {[%emt
00:00:56]} 29. hxg5 {[%clk 01:05:05]} {[%emt 00:00:12]} Ng3 {[%clk 00:08:16]}
{[%emt 00:00:03]} 30. Kd1 {[%clk 01:05:14]} {[%emt 00:00:21]} 1-0

[Event "European Chess Club Cup 2023"]
[Site "Durres, Albania"]
[Date "2023.10.01"]
[Round "1.35"]
[White "Aulin-Jansson, Joran"]
[Black "Santos Latasa, Jaime"]
[Result "0-1"]
[TimeControl "90' + 30' & 30\""]
[WhiteElo "2098"]
[BlackElo "2650"]

1. e4 {[%clk 01:30:57]} {[%emt 00:00:02]} c5 {[%clk 01:30:49]} {[%emt
00:00:12]} 2. Nc3 {[%clk 01:31:18]} {[%emt 00:00:09]} Nc6 {[%clk 01:30:52]}
{[%emt 00:00:28]} 3. f4 {[%clk 01:31:39]} {[%emt 00:00:08]} g6 {[%clk
01:31:04]} {[%emt 00:00:19]} 4. Nf3 {[%clk 01:32:00]} {[%emt 00:00:08]} Bg7
{[%clk 01:31:28]} {[%emt 00:00:05]} 5. Bc4 {[%clk 01:32:24]} {[%emt 00:00:06]}
e6 {[%clk 01:31:32]} {[%emt 00:00:27]} 6. f5 {[%clk 01:32:33]} {[%emt
00:00:22]} Nge7 {[%clk 01:30:43]} {[%emt 00:01:18]} 7. fxe6 {[%clk 01:32:53]}
{[%emt 00:00:10]} fxe6 {[%clk 01:30:51]} {[%emt 00:00:22]} 8. a3 {[%clk
01:33:10]} {[%emt 00:00:14]} O-O {[%clk 01:30:35]} {[%emt 00:00:44]} 9. O-O
{[%clk 01:33:05]} {[%emt 00:00:36]} Nd4 {[%clk 01:30:20]} {[%emt 00:00:44]} 10.
d3 {[%clk 01:33:22]} {[%emt 00:00:12]} Nec6 {[%clk 01:30:18]} {[%emt 00:00:33]}
11. Nxd4 {[%clk 01:33:21]} {[%emt 00:00:32]} Rxf1+ {[%clk 01:28:38]} {[%emt
00:02:10]} 12. Qxf1 {[%clk 01:30:18]} {[%emt 00:03:32]} Nxd4 {[%clk 01:28:47]}
{[%emt 00:00:22]} 13. Qf2 {[%clk 01:30:29]} {[%emt 00:00:17]} Qf8 {[%clk
01:28:14]} {[%emt 00:01:04]} 14. Qxf8+ {[%clk 01:22:48]} {[%emt 00:08:11]} Bxf8
{[%clk 01:26:50]} {[%emt 00:01:54]} 15. Bb3 {[%clk 01:22:31]} {[%emt 00:00:47]}
b6 {[%clk 01:24:52]} {[%emt 00:02:27]} 16. Be3 {[%clk 01:20:31]} {[%emt
00:02:30]} Bg7 {[%clk 01:24:20]} {[%emt 00:01:03]} 17. Bxd4 {[%clk 01:20:02]}
{[%emt 00:00:59]} Bxd4+ {[%clk 01:24:43]} {[%emt 00:00:07]} 18. Kf1 {[%clk
01:20:26]} {[%emt 00:00:06]} Bb7 {[%clk 01:23:25]} {[%emt 00:01:47]} 19. Ke2
{[%clk 01:17:56]} {[%emt 00:03:01]} a6 {[%clk 01:19:54]} {[%emt 00:04:01]} 20.
Rf1 {[%clk 01:12:30]} {[%emt 00:05:55]} b5 {[%clk 01:19:33]} {[%emt 00:00:51]}
21. Nd1 {[%clk 01:10:45]} {[%emt 00:02:16]} Be5 {[%clk 01:19:42]} {[%emt
00:00:21]} 22. g3 {[%clk 01:11:06]} {[%emt 00:00:08]} Bc6 {[%clk 01:15:44]}
{[%emt 00:04:29]} 23. c3 {[%clk 01:10:17]} {[%emt 00:01:19]} Rb8 {[%clk
01:14:56]} {[%emt 00:01:18]} 24. Ke3 {[%clk 01:03:51]} {[%emt 00:06:56]} Bg7
{[%clk 01:13:35]} {[%emt 00:01:50]} 25. Bc2 {[%clk 00:55:46]} {[%emt 00:08:35]}
a5 {[%clk 01:09:39]} {[%emt 00:04:28]} 26. d4 {[%clk 00:46:03]} {[%emt
00:10:12]} cxd4+ {[%clk 01:09:33]} {[%emt 00:00:37]} 27. cxd4 {[%clk 00:46:27]}
{[%emt 00:00:06]} b4 {[%clk 01:09:42]} {[%emt 00:00:20]} 28. Rf3 {[%clk
00:45:25]} {[%emt 00:01:31]} g5 {[%clk 00:54:46]} {[%emt 00:15:32]} 29. g4
{[%clk 00:43:05]} {[%emt 00:02:46]} h6 {[%clk 00:51:42]} {[%emt 00:03:35]} 30.
h3 {[%clk 00:28:25]} {[%emt 00:15:09]} Rb6 {[%clk 00:51:47]} {[%emt 00:00:24]}
31. Rf1 {[%clk 00:24:16]} {[%emt 00:04:39]} bxa3 {[%clk 00:47:09]} {[%emt
00:05:09]} 32. bxa3 {[%clk 00:23:40]} {[%emt 00:01:06]} Bf8 {[%clk 00:47:22]}
{[%emt 00:00:16]} 33. a4 {[%clk 00:23:57]} {[%emt 00:00:14]} Rb4 {[%clk
00:47:07]} {[%emt 00:00:44]} 34. Nc3 {[%clk 00:23:50]} {[%emt 00:00:37]} Bg7
{[%clk 00:47:16]} {[%emt 00:00:21]} 35. Rd1 {[%clk 00:22:53]} {[%emt 00:01:27]}
Rc4 {[%clk 00:47:35]} {[%emt 00:00:12]} 0-1

[Event "European Chess Club Cup 2023"]
[Site "Durres, Albania"]
[Date "2023.10.01"]
[Round "1.36"]
[White "Gurel, Ediz"]
[Black "Hammerstad, Asmund"]
[Result "1-0"]
[TimeControl "90' + 30' & 30\""]
[WhiteElo "2514"]
[BlackElo "2193"]

1. e4 {[%clk 01:30:55]} {[%emt 00:00:06]} e6 {[%clk 01:30:43]} {[%emt
00:00:16]} 2. d4 {[%clk 01:31:14]} {[%emt 00:00:13]} d5 {[%clk 01:30:41]}
{[%emt 00:00:29]} 3. Nd2 {[%clk 01:31:30]} {[%emt 00:00:15]} a6 {[%clk
01:30:32]} {[%emt 00:00:39]} 4. Ngf3 {[%clk 01:31:37]} {[%emt 00:00:23]} Nf6
{[%clk 01:30:08]} {[%emt 00:00:55]} 5. e5 {[%clk 01:31:20]} {[%emt 00:00:47]}
Nfd7 {[%clk 01:30:14]} {[%emt 00:00:26]} 6. Bd3 {[%clk 01:31:23]} {[%emt
00:00:25]} c5 {[%clk 01:30:29]} {[%emt 00:00:15]} 7. c3 {[%clk 01:31:47]}
{[%emt 00:00:06]} Nc6 {[%clk 01:30:43]} {[%emt 00:00:16]} 8. O-O {[%clk
01:31:31]} {[%emt 00:00:46]} b5 {[%clk 01:29:18]} {[%emt 00:01:55]} 9. Re1
{[%clk 01:26:48]} {[%emt 00:05:13]} Be7 {[%clk 01:28:34]} {[%emt 00:01:14]} 10.
Nf1 {[%clk 01:24:08]} {[%emt 00:03:10]} g5 {[%clk 01:26:25]} {[%emt 00:02:40]}
11. dxc5 {[%clk 01:21:50]} {[%emt 00:02:47]} Nxc5 {[%clk 01:18:27]} {[%emt
00:08:28]} 12. Bc2 {[%clk 01:20:04]} {[%emt 00:02:16]} Bb7 {[%clk 01:16:12]}
{[%emt 00:02:45]} 13. Qe2 {[%clk 01:15:26]} {[%emt 00:05:08]} Nd7 {[%clk
01:11:13]} {[%emt 00:05:29]} 14. a4 {[%clk 01:11:53]} {[%emt 00:04:07]} b4
{[%clk 01:11:06]} {[%emt 00:00:34]} 15. Bd2 {[%clk 01:04:57]} {[%emt 00:07:26]}
a5 {[%clk 01:08:31]} {[%emt 00:03:05]} 16. Bd3 {[%clk 01:02:51]} {[%emt
00:02:36]} g4 {[%clk 01:05:44]} {[%emt 00:03:16]} 17. Nd4 {[%clk 01:00:33]}
{[%emt 00:02:48]} Ncxe5 {[%clk 01:05:31]} {[%emt 00:00:43]} 18. Bb5 {[%clk
01:00:13]} {[%emt 00:00:51]} O-O {[%clk 00:50:10]} {[%emt 00:15:51]} 19. Bh6
{[%clk 00:52:25]} {[%emt 00:08:17]} Bf6 {[%clk 00:49:36]} {[%emt 00:01:04]} 20.
Ne3 {[%clk 00:45:00]} {[%emt 00:07:55]} bxc3 {[%clk 00:47:38]} {[%emt
00:02:28]} 21. bxc3 {[%clk 00:45:00]} {[%emt 00:00:30]} Kh8 {[%clk 00:44:44]}
{[%emt 00:03:23]} 22. Bxf8 {[%clk 00:41:32]} {[%emt 00:03:58]} Nxf8 {[%clk
00:42:36]} {[%emt 00:02:38]} 23. Nxg4 {[%clk 00:41:37]} {[%emt 00:00:26]} Nxg4
{[%clk 00:42:31]} {[%emt 00:00:35]} 24. Qxg4 {[%clk 00:42:05]} {[%emt
00:00:01]} Ng6 {[%clk 00:41:42]} {[%emt 00:01:19]} 25. Rab1 {[%clk 00:35:11]}
{[%emt 00:07:25]} Qc7 {[%clk 00:41:01]} {[%emt 00:01:09]} 26. Qf3 {[%clk
00:33:20]} {[%emt 00:02:22]} Bg7 {[%clk 00:39:53]} {[%emt 00:01:38]} 27. Bd3
{[%clk 00:29:24]} {[%emt 00:04:26]} Rc8 {[%clk 00:36:14]} {[%emt 00:04:09]} 28.
Bxg6 {[%clk 00:26:02]} {[%emt 00:03:52]} hxg6 {[%clk 00:36:08]} {[%emt
00:00:36]} 29. Nb5 {[%clk 00:22:01]} {[%emt 00:04:31]} Qd7 {[%clk 00:35:18]}
{[%emt 00:01:20]} 30. Nd6 {[%clk 00:21:35]} {[%emt 00:00:57]} Rc7 {[%clk
00:31:29]} {[%emt 00:04:18]} 31. Qg3 {[%clk 00:18:54]} {[%emt 00:03:12]} Kg8
{[%clk 00:30:11]} {[%emt 00:01:47]} 32. h4 {[%clk 00:15:38]} {[%emt 00:03:46]}
Bxc3 {[%clk 00:22:48]} {[%emt 00:07:53]} 33. Rxb7 {[%clk 00:13:00]} {[%emt
00:03:09]} Bxe1 {[%clk 00:19:47]} {[%emt 00:03:31]} 34. Rb8+ {[%clk 00:12:58]}
{[%emt 00:00:32]} 1-0

[Event "European Chess Club Cup 2023"]
[Site "Durres, Albania"]
[Date "2023.10.01"]
[Round "1.37"]
[White "Nihal, Sarin"]
[Black "Bosiocic, Marin"]
[Result "1-0"]
[TimeControl "90' + 30' & 30\""]
[WhiteElo "2694"]
[BlackElo "2534"]

1. d4 {[%clk 01:30:06]} {[%emt 00:00:54]} Nf6 {[%clk 01:30:52]} {[%emt
00:00:08]} 2. Nf3 {[%clk 01:28:59]} {[%emt 00:01:38]} d5 {[%clk 01:31:10]}
{[%emt 00:00:11]} 3. c4 {[%clk 01:29:23]} {[%emt 00:00:05]} e6 {[%clk
01:31:34]} {[%emt 00:00:07]} 4. Nc3 {[%clk 01:29:49]} {[%emt 00:00:05]} Bb4
{[%clk 01:31:56]} {[%emt 00:00:07]} 5. e3 {[%clk 01:30:12]} {[%emt 00:00:07]}
O-O {[%clk 01:32:11]} {[%emt 00:00:14]} 6. Bd2 {[%clk 01:30:38]} {[%emt
00:00:04]} Re8 {[%clk 01:32:27]} {[%emt 00:00:14]} 7. Be2 {[%clk 01:26:15]}
{[%emt 00:04:52]} Bf8 {[%clk 01:30:00]} {[%emt 00:02:59]} 8. O-O {[%clk
01:24:34]} {[%emt 00:02:11]} b6 {[%clk 01:26:12]} {[%emt 00:04:17]} 9. cxd5
{[%clk 01:16:48]} {[%emt 00:08:15]} exd5 {[%clk 01:25:21]} {[%emt 00:01:22]} 10.
Ne5 {[%clk 01:17:05]} {[%emt 00:00:13]} Bb7 {[%clk 01:25:37]} {[%emt 00:00:15]}
11. f4 {[%clk 01:08:30]} {[%emt 00:09:03]} c5 {[%clk 01:24:46]} {[%emt
00:01:22]} 12. Be1 {[%clk 01:08:42]} {[%emt 00:00:18]} Nc6 {[%clk 01:23:27]}
{[%emt 00:01:50]} 13. Kh1 {[%clk 01:00:19]} {[%emt 00:08:53]} a6 {[%clk
01:17:49]} {[%emt 00:06:08]} 14. Bh4 {[%clk 00:58:20]} {[%emt 00:02:28]} Be7
{[%clk 00:59:54]} {[%emt 00:18:26]} 15. Bd3 {[%clk 00:48:49]} {[%emt 00:10:00]}
g6 {[%clk 00:55:38]} {[%emt 00:04:47]} 16. f5 {[%clk 00:49:04]} {[%emt
00:00:15]} Nxe5 {[%clk 00:51:45]} {[%emt 00:04:23]} 17. dxe5 {[%clk 00:49:02]}
{[%emt 00:00:31]} Nd7 {[%clk 00:47:59]} {[%emt 00:04:16]} 18. Bg3 {[%clk
00:40:06]} {[%emt 00:09:27]} Bh4 {[%clk 00:45:22]} {[%emt 00:03:07]} 19. e6
{[%clk 00:26:05]} {[%emt 00:14:31]} fxe6 {[%clk 00:45:30]} {[%emt 00:00:22]} 20.
fxe6 {[%clk 00:26:27]} {[%emt 00:00:07]} Nf8 {[%clk 00:43:27]} {[%emt
00:02:33]} 21. Rf7 {[%clk 00:26:52]} {[%emt 00:00:05]} Bxg3 {[%clk 00:31:54]}
{[%emt 00:12:03]} 22. hxg3 {[%clk 00:23:51]} {[%emt 00:03:30]} Bc6 {[%clk
00:29:27]} {[%emt 00:02:58]} 23. Qg4 {[%clk 00:22:25]} {[%emt 00:01:56]} Qd6
{[%clk 00:28:02]} {[%emt 00:01:56]} 24. Raf1 {[%clk 00:12:03]} {[%emt
00:10:52]} Rxe6 {[%clk 00:27:40]} {[%emt 00:00:52]} 25. e4 {[%clk 00:12:28]}
{[%emt 00:00:04]} d4 {[%clk 00:18:39]} {[%emt 00:09:32]} 26. Bc4 {[%clk
00:05:39]} {[%emt 00:07:19]} dxc3 {[%clk 00:19:03]} {[%emt 00:00:06]} 27. Qg5
{[%clk 00:02:10]} {[%emt 00:03:59]} Be8 {[%clk 00:08:17]} {[%emt 00:11:15]} 28.
Rxf8+ {[%clk 00:02:18]} {[%emt 00:00:23]} Kg7 {[%clk 00:08:43]} {[%emt
00:00:04]} 29. e5 {[%clk 00:01:53]} {[%emt 00:00:54]} Qd8 {[%clk 00:06:07]}
{[%emt 00:03:07]} 30. Qxd8 {[%clk 00:01:13]} {[%emt 00:01:10]} Rxd8 {[%clk
00:06:33]} {[%emt 00:00:03]} 31. Bxe6 {[%clk 00:01:39]} {[%emt 00:00:04]} c2
{[%clk 00:03:34]} {[%emt 00:03:30]} 32. Rg8+ {[%clk 00:02:03]} {[%emt
00:00:05]} Kh6 {[%clk 00:03:48]} {[%emt 00:00:17]} 33. Bb3 {[%clk 00:02:28]}
{[%emt 00:00:04]} 1-0